Utilización de un software para la corrección de respuestas en pruebas de selección multiple socorre

Uloženo v:
Podrobná bibliografie
Hlavní autor: Salinas Avilés, Dagoberto Enrique (autor)
Médium: Kniha
Jazyk:španělština
Vydáno: Valparaíso Universitarias de Valparaíso 1993
Edice:Manual, 9
Témata:
Tagy: Přidat tag
Žádné tagy, Buďte první, kdo vytvoří štítek k tomuto záznamu!

MARC

LEADER 00000nam a2200000 a 4500
001 UCX7295
003 CL-VaPUC
008 931204e19930000CL |||||||||||||||||spa|d
082 0 4 |a 371.26  |b SAL  |2 21 
100 |a Salinas Avilés, Dagoberto Enrique  |e autor  |9 324118 
245 1 0 |a Utilización de un software para la corrección de respuestas en pruebas de selección multiple socorre 
300 |a 19 p 
942 |c BK 
945 |d 19931204 00:00:00  |a rbrito 
260 |a Valparaíso  |b Universitarias de Valparaíso  |c 1993 
650 0 |a Mediciones y pruebas educativas  |9 307479 
650 0 |a Estudiantes   |9 257640 
650 7 |a CALIFICACION  |2 CL-VaPUC  |9 324119 
583 |a last modification  |c 19931204 00:00:00  |k Rodrigo Vera 
490 0 |a Manual, 9 
999 |c 227151  |d 227149 
952 |0 0  |1 0  |4 0  |6 371_260000000000000_SAL_1993  |7 0  |8 A  |9 225965  |a BIBEDU  |b BIBEDU  |d 2019-11-15  |i 2946483  |l 1  |o 371.26 SAL 1993  |p 2946483  |r 2023-11-09  |s 2023-11-09  |w 2019-11-15  |y BK  |k EDU